| 000 | 00615 a2200169 4500 | ||
|---|---|---|---|
| 999 |
_c10248 _d10248 |
||
| 020 | _a9780099269472 | ||
| 050 | _aPS3568. RIC 1997 | ||
| 100 |
_aRice, Anne _d1941- _eauthor |
||
| 245 |
_aThe feast of all saints / _cAnne Rice |
||
| 264 |
_aLondon : _b Arrow, _c1997 |
||
| 300 | _a640 pages ; 18 cm | ||
| 500 | _aOriginally published: London : Penguin, 1982. | ||
| 650 | _aRacially mixed people -- Louisiana -- New Orleans -- Fiction. . | ||
| 650 | _aCulture conflict -- Louisiana -- New Orleans -- Fiction | ||
| 650 | _aNew Orleans (La.) -- History -- 19th century -- Fiction. | ||
| 942 |
_2lcc _cBK _h3568 _iRIC _kPS |
||